A Concise I introduction To Logic (Record no. 26242)

MARC details
000 -LEADER
fixed length control field 00387nam a22001697a 4500
003 - CONTROL NUMBER IDENTIFIER
control field OSt
005 - DATE AND TIME OF LATEST TRANSACTION
control field 20220110102217.0
008 - FIXED-LENGTH DATA ELEMENTS--GENERAL INFORMATION
fixed length control field 220110b |||||||| |||| 00| 0 eng d
020 ## - INTERNATIONAL STANDARD BOOK NUMBER
International Standard Book Number 13978495504030
040 ## - CATALOGING SOURCE
Transcribing agency HU
082 ## - DEWEY DECIMAL CLASSIFICATION NUMBER
Classification number 160
100 ## - MAIN ENTRY--PERSONAL NAME
Personal name Hurley J. Patrick
9 (RLIN) 27347
245 ## - TITLE STATEMENT
Title A Concise I introduction To Logic
250 ## - EDITION STATEMENT
Edition statement 10ed
300 ## - PHYSICAL DESCRIPTION
Type of unit 682
942 ## - ADDED ENTRY ELEMENTS (KOHA)
Source of classification or shelving scheme Dewey Decimal Classification
Koha item type Books like text book referance book
Suppress in OPAC No
Holdings
Withdrawn status Lost status Source of classification or shelving scheme Damaged status Not for loan Home library Current library Shelving location Date acquired Total Checkouts Full call number Barcode Date last seen Copy number Price effective from Koha item type
    Dewey Decimal Classification     IoT Library IoT Library General Stacks 01/10/2022   160/HUR/2008 IOTL0003642 01/10/2022 1 01/10/2022 Books like text book referance book
    Dewey Decimal Classification     IoT Library IoT Library General Stacks 01/10/2022   160/HUR/2008 IOTL0003643 01/10/2022 2 01/10/2022 Books like text book referance book
    Dewey Decimal Classification     IoT Library IoT Library General Stacks 01/10/2022   160/HUR/2008 IOTL0003644 01/10/2022 3 01/10/2022 Books like text book referance book
    Dewey Decimal Classification     IoT Library IoT Library General Stacks 01/10/2022   160/HUR/2008 IOTL0003645 01/10/2022 4 01/10/2022 Books like text book referance book
    Dewey Decimal Classification     IoT Library IoT Library General Stacks 01/10/2022   160/HUR/2008 IOTL0003646 01/10/2022 5 01/10/2022 Books like text book referance book
    Dewey Decimal Classification     IoT Library IoT Library General Stacks 01/10/2022   160/HUR/2008 IOTL0003647 01/10/2022 6 01/10/2022 Books like text book referance book
    Dewey Decimal Classification     IoT Library IoT Library General Stacks 01/10/2022   160/HUR/2008 IOTL0003648 01/10/2022 7 01/10/2022 Books like text book referance book
    Dewey Decimal Classification     IoT Library IoT Library General Stacks 01/10/2022   160/HUR/2008 IOTL0003649 01/10/2022 8 01/10/2022 Books like text book referance book
    Dewey Decimal Classification     IoT Library IoT Library General Stacks 01/10/2022   160/HUR/2008 IOTL0003650 01/10/2022 9 01/10/2022 Books like text book referance book
    Dewey Decimal Classification     IoT Library IoT Library General Stacks 03/04/2022   160/HUR/2008 IOTL0015979 03/04/2022 10 03/04/2022 Books like text book referance book
    Dewey Decimal Classification     IoT Library IoT Library General Stacks 03/04/2022   160/HUR/2008 IOTL0015980 03/04/2022 11 03/04/2022 Books like text book referance book
    Dewey Decimal Classification     IoT Library IoT Library General Stacks 03/04/2022   160/HUR/2008 IOTL0015981 03/04/2022 12 03/04/2022 Books like text book referance book
    Dewey Decimal Classification     IoT Library IoT Library General Stacks 03/04/2022   160/HUR/2008 IOTL0015982 03/04/2022 13 03/04/2022 Books like text book referance book